Formule 1 - Pilotes et Écuries 2024 - Statistiques

Statistiques générales
  • Ce quiz a été pris 922 fois
    532 depuis la dernière actualisation
  • Le résultat moyen est 27 sur 30
Statistiques - réponses
Pilote % Correct
Charles Leclerc
98%
Lewis Hamilton
98%
Scuderia Ferrari
98%
Max Verstappen
97%
Mercedes AMG
97%
Pierre Gasly
97%
Alpine
96%
Carlos Sainz
96%
Esteban Ocon
96%
Lando Norris
96%
Red Bull
96%
McLaren
95%
Oscar Piastri
95%
George Russell
94%
Fernando Alonso
92%
HAAS
92%
Sergio Pérez
92%
Aston Martin
91%
Williams
91%
Yuki Tsunoda
91%
Alexander Albon
90%
Lance Stroll
90%
Nico Hulkenberg
89%
Valterri Bottas
84%
Guanyu Zhou
83%
Kick Sauber
82%
Kevin Magnussen
80%
Visa Cash App Racing Bulls
74%
Daniel Ricciardo
73%
Logan Sargeant
66%
Aucun quiz correspondant
Distribution des résultats
% des personnes avec chaque résultat
Percentile par nombre de réponses
Votre historique - résultats
Vous n’avez pas pris ce quiz depuis la dernière actualisation